Slepo - Z nadźiju do přichoda

Titel: Slepo - Z nadźiju do přichoda
Verfasser:
In: Rozhlad, Band 42, Heft 4 (1992), Seite 122-124
alle Artikel anzeigen
Veröffentlicht: 1992
Format: Aufsatz
Sprache: Sorbisch
Kein Bild verfügbar
X
alg: 39466558
001A    $01999:12-11-16 
001B    $01999:30-04-21 $t17:14:54.000 
001D    $01999:12-11-16 
001U    $0utf8 
001X    $00 
002@    $0Aox 
003@    $0394665589 
007A    $0394665589 $aHEB 
007T    $0Herdww001235 
010@    $awen 
011@    $a1992 
021A    $aSlepo - Z nadźiju do přichoda 
028A    $aHančo $dHelmut 
031A    $d42 $e4 $h122-124 $j1992 
039B    $aIn $8--Abvc--. Rozhlad. - Bautzen : Domowina, 1950-. - ISSN 0557-4250 $x199200000420004878 $9047452528 
045F    $a305.80094385 $eDDC23BSB 
045F/01 $a305.8009 
045F/03 $g4385 

lok: 39466558 78

exp: 39466558 78 1 #EPN
201B/01 $013-02-20 $t22:50:41.000 
201U/01 $0utf8 
203@/01 $0790776073 
208@/01 $a12-11-16 $be 
209A/01 $a/ $f000 $x00 
220C/01 $aTitelaufnehmer: TJ 
220C/01 $aHerkunft: IH UWr 
244Z/01 $2Trx $#Silesia $#Śląsk $#Sliezsko $#Slezsko $8--Trx--Schlesien $x01 $9391173987 
244Z/01 $#Slěpe $#Schleife Weißwasser, Oberlausitz $#Schleife Niederschlesischer Oberlausitzkreis $#Slepo $74118486-5 $8--Tg1--Schleife$gGörlitz $x02 $9085369071 
244Z/01 $#Lausitz, Süd $#Südliche Lausitz $74042942-8 $8--Tg1--Oberlausitz $x03 $9085119431 
244Z/01 $aGeschichte 1272-1992 $x04 
244Z/01 $2Trx $#ülevaated kohad $#vietovės bendras $#overview cities $#ábrázolások, átfogó helyek $#miejscowości poszczególne $#dejiny miestne $#dějiny místní $#Ortsgeschichte $#Städte $#Orte $#miasta $#miestne dejiny $8--Trx--Darstellungen, übergreifende$gOrte $x05 $9391384228 
244Z/01 $2Trx $8--Trx--Zeitschriftenaufsatz $x06 $9391384341 
245Z/01 $a13.03 $x01 
245Z/01 $a08.04.16 $x02 
247C/01 $82080>Marburg/Lahn, Herder-Institut, Forschungsbibliothek, Bibliographieportal $9336309341
LEADER 00000caa a22000002c 4500
001 394665589
003 DE-603
005 20210430171454.0
007 tu
008 161112s1992 xx |||| | u00||u|wen c
035 |a (DE-599)HEB394665589 
040 |a DE-603  |b ger  |c DE-603  |d DE-603 
041 |a wen 
082 0 4 |8 1\u  |a 305.80094385  |q DE-101  |2 23/BSB 
085 |8 1\u  |b 305.8009 
085 |8 1\u  |z 2  |s 4385 
100 1 |a Hančo, Helmut 
245 0 0 |a Slepo - Z nadźiju do přichoda 
264 0 |c 1992 
773 0 8 |i In  |t Rozhlad  |d Bautzen : Domowina, 1950-  |h 24 cm  |x 0557-4250  |g Band 42, Heft 4 (1992), Seite 122-124  |w (DE-603)047452528  |w (DE-600)280835-3 
924 0 |9 2080  |a (DE-603)790776073  |b DE-2080  |c HES  |d d  |g /